ARRUPE JESUIT UNIVERSITY

CORONAVIRUS -STOP THE SPREAD - CLEAN,DISINFECT,COVER

Psalms for times of trouble / (Record no. 126767)

MARC details
000 -LEADER
fixed length control field 00802cam a2200241 a 4500
001 - CONTROL NUMBER
control field 3017348
003 - CONTROL NUMBER IDENTIFIER
control field ARRUPE
005 - DATE AND TIME OF LATEST TRANSACTION
control field 20170825083759.0
008 - FIXED-LENGTH DATA ELEMENTS--GENERAL INFORMATION
fixed length control field 941026s1995 ctua 000 0 eng
010 ## - LIBRARY OF CONGRESS CONTROL NUMBER
LC control number 94060847
020 ## - INTERNATIONAL STANDARD BOOK NUMBER
International Standard Book Number 089622614X (pbk.) :
Terms of availability $9.95
040 ## - CATALOGING SOURCE
Original cataloging agency DLC
Transcribing agency DLC
Modifying agency DLC
050 00 - LIBRARY OF CONGRESS CALL NUMBER
Classification number BV245
Item number .C29 1995
082 00 - DEWEY DECIMAL CLASSIFICATION NUMBER
Classification number 242/.8
Edition number 20
300 ## - PHYSICAL DESCRIPTION
Other physical details ill. ;
Dimensions 19 cm.
100 1# - MAIN ENTRY--PERSONAL NAME
Personal name Carmody, John,
Dates associated with a name 1939-
9 (RLIN) 35202
245 10 - TITLE STATEMENT
Title Psalms for times of trouble /
Statement of responsibility, etc John Carmody.
260 ## - PUBLICATION, DISTRIBUTION, ETC. (IMPRINT)
Place of publication, distribution, etc Mystic, CT :
Name of publisher, distributor, etc Twenty-Third Publications,
Date of publication, distribution, etc c1995.
300 ## - PHYSICAL DESCRIPTION
Extent 163 p. :
650 #0 - SUBJECT ADDED ENTRY--TOPICAL TERM
Topical term or geographic name as entry element Prayers.
9 (RLIN) 35203
906 ## - LOCAL DATA ELEMENT F, LDF (RLIN)
a 7
b cbc
c orignew
d 2
e opcn
f 19
g y-gencatlg
942 ## - ADDED ENTRY ELEMENTS (KOHA)
Source of classification or shelving scheme Library of Congress Classification
Koha item type Monograph ( Printed materials)
Holdings
Withdrawn status Lost status Source of classification or shelving scheme Damaged status Not for loan Collection code Home library Current library Shelving location Date acquired Total Checkouts Full call number Barcode Date last seen Price effective from Koha item type
    Library of Congress Classification     Main Collection ARRUPE LIBRARY ARRUPE LIBRARY Main Collection 25/08/2017   BV245 .C29 1995 46500023462 25/08/2017 25/08/2017 Monograph ( Printed materials)

 

Arrupe Library. PO Box MP320 Mt Pleasant, Harare, Zimbabwe
263 242 745411|librarian@aju.ac.zw